Les Principaux Défenseurs de l'AC Milan depuis 1990 - Statistiques

Statistiques générales
  • Ce quiz a été pris 40 fois
    3 depuis la dernière actualisation
  • Le résultat moyen est 18 sur 44
Statistiques - réponses
Date de Passage
Nationalité
sportive
Réponse % Correct
2003-2008 Brésil Cafu
100%
1977-1997 Italie Franco Baresi
100%
1985-2009 Italie Paolo Maldini
100%
2019-2025 France Theo Hernandez
100%
2002-2012 Italie Alessandro Nesta
67%
2015-2022 Italie Alessio Romagnoli
67%
2012-2019 Colombie Cristian Zapata
67%
2002-2008 Croatie Dario Simic
67%
2015-2025 Italie Davide Calabria
67%
2021- Angleterre Fikayo Tomori
67%
2001-2010 Géorgie Kakhaber Kaladze
67%
2017-2018 Italie Leonardo Bonucci
67%
2022-2025 Allemagne Malick Thiaw
67%
1993-1998 France Marcel Dessailly
67%
2005-2011 Tchéquie Marek Jankulovski
67%
2017- Italie Matteo Gabbia
67%
2017-2020 Suisse Ricardo Rodriguez
67%
2020-2024 Danemark Simon Kjaer
67%
2024- Serbie Strahinja Pavlovic
67%
2014-2015 France Adil Rami
33%
1986-2007 Italie Alessandro Costacurta
33%
2006-2015 Italie Daniele Bonera
33%
1982-1996 Italie Fillippo Galli
33%
2003-2008 2009-2019 Italie Ignazio Abate
33%
2025 Angleterre Kyle Walker
33%
2010-2013 Colombie Mario Yepes
33%
1994-2000 2007-2012 Italie Massimo Oddo
33%
2011-2016 France Philippe Mexès
33%
2020-2025 France Pierre Kalulu
33%
1999-2008 Brésil Serginho
33%
2009-2012 Brésil Thiago Silva
33%
1998-2003 Danemark Thomas Helveg
33%
2017-2022 Italie Andrea Conti
0%
1998-2000 France Bruno Ngotty
0%
1993-1997 Italie Christian Panucci
0%
1993-2001 Italie Francesco Coco
0%
2008-2012 Italie Gianluca Zambrotta
0%
2006-2008 2015-2018 Italie Luca Antonelli
0%
2001-2003 2008-2013 Italie Luca Antonini
0%
2011-2017 Italie Mattia de Sciglio
0%
1980-1997 Italie Mauro Tassotti
0%
1998-2000 Argentine Roberto Ayala
0%
2000-2004 Brésil Roque Junior
0%
1990-1996 Italie Stefano Nava
0%
Aucun quiz correspondant
Distribution des résultats
% des personnes avec chaque résultat
Percentile par nombre de réponses
Votre historique - résultats
Vous n’avez pas pris ce quiz depuis la dernière actualisation